000 00643nam a22001337a 4500
040 _cRUA
082 _aAGR CHH 2009 B039 Or.1
100 _aCHHUON CHHAIYA
245 _aeffect of wehg fertilizer on lettuce at crop station of royal university of agriculture(ឥទ្ធិពលនៃជីវែកលើដំណាំសាលាដ ក្នុងលក្ខខណ្ឌសាកលវិទ្យាល័យភូមិន្ទកសិកម្ម)
260 _aPhnom Penh
_bRUA
_c2009
300 _axii, 42p.
_bill.
_c29cm.
856 _uhttps://drive.google.com/file/d/10kz_W3WWoDlDPd0ZWqyf7W_5PYH58RME/view?usp=sharing
942 _cAGR
999 _c911
_d911